| 000 | 00388 a2200133 4500 | ||
|---|---|---|---|
| 001 | ART_48481 | ||
| 005 | 20260410161631.0 | ||
| 008 | 260409a | ||
| 245 | 1 | 0 | _a¿Qué variables se analizan en las PyMES a la hora de decidir? |
| 100 | 1 | _aBonatti, Patricia | |
| 700 | 1 | _aDias, Andrea | |
| 700 | 1 | _aSantucci, Marina | |
| 773 | 0 |
_tEnfoques _g- N°1 (ene. 2019) _wREV416 |
|
| 999 |
_c12443 _d12443 |
||